|
|
|
|
| LEADER |
03061nam a2200661 4500 |
| 001 |
ocn826022184 |
| 003 |
OCoLC |
| 005 |
20170124071819.6 |
| 006 |
m o d |
| 007 |
cr cnu|||unuuu |
| 008 |
130130s2012 enka ob 001 0 eng d |
| 040 |
|
|
|a DG1
|b eng
|e pn
|c DG1
|d EBLCP
|d YDXCP
|d OCLCO
|d N$T
|d COO
|d IDEBK
|d OCLCF
|d UKDOC
|d OCLCQ
|d E7B
|d DEBSZ
|d DEBBG
|d OCLCQ
|d DG1
|d GrThAP
|
| 019 |
|
|
|a 827454927
|a 827944746
|
| 020 |
|
|
|a 9781118562659
|q (electronic bk.)
|
| 020 |
|
|
|a 1118562658
|q (electronic bk.)
|
| 020 |
|
|
|a 1118563123
|q (electronic bk.)
|
| 020 |
|
|
|a 9781118563120
|q (electronic bk.)
|
| 020 |
|
|
|a 9781118562871
|q (electronic bk.)
|
| 020 |
|
|
|a 1118562879
|q (electronic bk.)
|
| 020 |
|
|
|a 9781299188440
|q (MyiLibrary)
|
| 020 |
|
|
|a 1299188443
|q (MyiLibrary)
|
| 020 |
|
|
|z 9781848213760
|q (hardback)
|
| 020 |
|
|
|z 184821376X
|q (hardback)
|
| 029 |
1 |
|
|a AU@
|b 000050591428
|
| 029 |
1 |
|
|a DEBBG
|b BV041829180
|
| 029 |
1 |
|
|a DEBBG
|b BV041912732
|
| 029 |
1 |
|
|a DEBSZ
|b 431331251
|
| 029 |
1 |
|
|a NZ1
|b 15916007
|
| 035 |
|
|
|a (OCoLC)826022184
|z (OCoLC)827454927
|z (OCoLC)827944746
|
| 050 |
|
4 |
|a TK2945.L42
|b G58 2012
|
| 072 |
|
7 |
|a TEC
|x 007000
|2 bisacsh
|
| 082 |
0 |
4 |
|a 621.31/242
|2 23
|
| 084 |
|
|
|a TEC031020
|2 bisacsh
|
| 049 |
|
|
|a MAIN
|
| 100 |
1 |
|
|a Glaize, Christian.
|
| 245 |
1 |
0 |
|a Lead and nickel electrochemical batteries /
|c Christian Glaize, Sylvie Genies.
|
| 264 |
|
1 |
|a London :
|b ISTE ;
|c 2012.
|
| 264 |
|
1 |
|a Hoboken, NJ :
|b John Wiley & Sons,
|c 2012.
|
| 300 |
|
|
|a 1 online resource :
|b illustrations
|
| 336 |
|
|
|a text
|b txt
|2 rdacontent
|
| 337 |
|
|
|a computer
|b c
|2 rdamedia
|
| 338 |
|
|
|a online resource
|b cr
|2 rdacarrier
|
| 505 |
0 |
|
|a Universal Characteristics of Batteries. Definitions and Methods of Measurement -- Lead-Acid Batteries. Lead-Acid Batteries -- The Operation of Lead-Acid Batteries -- Internal Composition and Types of Lead-Acid Batteries -- Lead Batteries: Main Characteristics -- Manufacturing Starting, Lighting and Ignition Batteries -- Introduction to Nickel-Based Batteries. Introduction to Nickel-Based Batteries -- Nickel-Cadmium Batteries -- Nickel-Metal Hydride Batteries -- Other Nickel-Based Batteries.
|
| 504 |
|
|
|a Includes bibliographical references and index.
|
| 588 |
0 |
|
|a Print version record.
|
| 650 |
|
0 |
|a Lead-acid batteries.
|
| 650 |
|
0 |
|a Nickel-cadmium batteries.
|
| 650 |
|
0 |
|a Nickel-metal hydride batteries.
|
| 650 |
|
7 |
|a TECHNOLOGY & ENGINEERING
|x Power Resources
|x Electrical.
|2 bisacsh
|
| 650 |
|
7 |
|a TECHNOLOGY & ENGINEERING
|x Electrical.
|2 bisacsh
|
| 650 |
|
7 |
|a Lead-acid batteries.
|2 fast
|0 (OCoLC)fst00994687
|
| 650 |
|
7 |
|a Nickel-cadmium batteries.
|2 fast
|0 (OCoLC)fst01037509
|
| 650 |
|
7 |
|a Nickel-metal hydride batteries.
|2 fast
|0 (OCoLC)fst01037521
|
| 655 |
|
4 |
|a Electronic books.
|
| 700 |
1 |
|
|a Genies, Sylvie.
|
| 776 |
0 |
8 |
|i Print version:
|a Glaize, Christian.
|t Lead and nickel electrochemical batteries.
|d London : ISTE ; Hoboken, NJ : John Wiley & Sons, 2012
|z 9781848213760
|w (OCoLC)768793500
|
| 856 |
4 |
0 |
|u https://doi.org/10.1002/9781118562659
|z Full Text via HEAL-Link
|
| 994 |
|
|
|a 92
|b DG1
|